Cities near Cebu City - Sudden Death - Statistics

General Stats
  • This quiz has been taken 16 times
  • The average score is 4 of 9
Answers on the Grid
Answers color-coded by a green-red scale on the quiz's grid according to % correct below.
Cordova
Lapu-Lapu
Consolacion
Liloan
Talisay
Naga
Minglanilla
Mandaue
Compostela
Dalaguete
Moalboal
Badian
Argao
Carcar
Barili
Toledo
Tuburan
Calatrava
 
Answer Stats
Answer % Correct
Lapu-Lapu
58%
Cordova
50%
Liloan
50%
Mandaue
50%
Consolacion
42%
Minglanilla
42%
Talisay
42%
Naga
33%
Compostela
25%
No matching quizzes found
Score Distribution
Percent of People with Each Score
Percentile by Number Answered
Your Score History
You have not taken this quiz